|
|
|
|
| LEADER |
01396nam a2200313 a 4500 |
| 001 |
1024 |
| 003 |
BD-DhAAL |
| 005 |
20150730120550.0 |
| 008 |
150730s1998 bg a b 000 0 eng |
| 010 |
|
|
|a 98908090
|
| 020 |
|
|
|a 9840513338
|
| 037 |
|
|
|b Library of Congress -- New Delhi Field Office
|c Tk360.00
|
| 040 |
|
|
|a DLC
|c DLC
|d DLC
|d BD-DhAAL
|
| 050 |
0 |
0 |
|a DS485.B49
|b D34 1998
|
| 082 |
|
|
|a 305.6/2971/05414
|
| 100 |
1 |
|
|a De, Dhurjati Prasad.
|9 13364
|
| 245 |
1 |
0 |
|a Bengal Muslims in search of social identity, 1905-47 /
|c Dhurjati Prasad De.
|
| 260 |
|
|
|a Dhaka, Bangladesh :
|b University Press,
|c 1998.
|
| 300 |
|
|
|a xii, 276 p. :
|b ill. ;
|c 22 cm.
|
| 504 |
|
|
|a Includes bibliographical references (p. [257]-272) and index.
|
| 541 |
|
|
|e 1024
|
| 546 |
|
|
|a Includes passages in Bengali.
|
| 650 |
|
0 |
|a Muslims
|x Political activity
|z India
|z Bengal.
|9 13365
|
| 650 |
|
0 |
|a Muslims
|z India
|z Bengal
|x Social conditions
|y 20th century.
|9 13366
|
| 651 |
|
0 |
|a Bengal (India)
|x Politics and government
|y 20th century.
|9 13367
|
| 942 |
|
|
|2 ddc
|c BK
|
| 999 |
|
|
|c 35108
|d 35108
|
| 952 |
|
|
|0 0
|1 0
|2 ddc
|4 0
|6 305_629710541400000_DEB
|7 0
|9 55035
|a SCL
|b SCL
|c GEN
|d 2015-07-30
|g 360.00
|l 0
|o 305.6297105414 DEB
|p 3020001024
|r 2015-07-30
|t 1
|w 2015-07-30
|y BK
|
| 952 |
|
|
|0 0
|1 0
|2 ddc
|4 0
|6 305_629710541400000_DEB
|7 0
|9 55036
|a SCL
|b SCL
|c GEN
|d 2015-07-30
|g 270.00
|l 1
|m 10
|o 305.6297105414 DEB
|p 3020006864
|r 2022-08-25
|s 2018-10-16
|t 2
|w 2015-07-30
|y BK
|